Welcome to the Holygrace Academy Library

Please use search bar below to get started

LILY THE LOST PUPPY (Record no. 1838)

MARC details
000 -LEADER
fixed length control field 00381nam a22001577a 4500
020 ## - INTERNATIONAL STANDARD BOOK NUMBER
ISBN 0-330-37360-9
082 ## - DEWEY DECIMAL CLASSIFICATION NUMBER
Classification number 883
Item number DAL/L
100 ## - MAIN ENTRY--AUTHOR NAME
Personal name DALE, JENNY
245 ## - TITLE STATEMENT
Title LILY THE LOST PUPPY
Remainder of title SHORT STORY
246 ## - VARYING FORM OF TITLE
Title proper/short title LILY THE LOST PUPPY
Remainder of title SHORT STORY
260 ## - PUBLICATION, DISTRIBUTION, ETC. (IMPRINT)
Place of publication LONDON
Name of publisher LACMILLANN CHILDRENS BOOKS
300 ## - PHYSICAL DESCRIPTION
Number of Pages 63
520 ## - SUMMARY, ETC.
Summary, etc SHORT STORY
650 ## - SUBJECT ADDED ENTRY--TOPICAL TERM
Topical Term SHORT STORY
942 ## - ADDED ENTRY ELEMENTS (KOHA)
Koha item type Books
Holdings
Withdrawn status Lost status Collection code Home library Current library Shelving location Date acquired Source of acquisition Cost, normal purchase price Full call number Accession Number Koha item type
    Fiction Main Library Main Library Children's Area 19/07/2019 Purchase 310.00 883 DAL/L 11397 Books